| 000 | 02476nam a2200301Ia 4500 | ||
|---|---|---|---|
| 005 | 20171107095213.0 | ||
| 008 | 130821s1695 it fr 1 lats | ||
| 040 |
_aCo-BoUCM _bspa _cSandra Yazo _dSandra Yazo |
||
| 041 | 0 | _alat | |
| 082 | 0 | 4 |
_a265.66 _220 |
| 092 | _aE07N083 | ||
| 100 | 1 |
_aPasserini, Pietro Maria _d1596-1677 _962623 |
|
| 242 | 0 | 0 |
_aTratado sobre las indulgencias _cde Fray Pedro María Passerini _yspa |
| 245 | 1 | 0 |
_cF. Petri Mariae Passerini ... _aTractatus de Indulgentiis |
| 250 | _aEditio tertia [Tercera edición] | ||
| 260 |
_aVenetiis [Venecia] (Italia) _bEx Typographia Hyeronimi Albritii [En la imprenta de Jerónimo Albrizzi] _c1695 |
||
| 300 |
_a[8], 182 páginas _c32 x 22 cm. |
||
| 500 | _aDetalles físicos: Ejemplar sin encuadernación. Guardas rotas, con anotaciones manuscritas e incompletas. Primeras páginas desprendidas. Portada impresa en una sola tinta, con una anotación manuscrita de propiedad. Dedicatoria. Cenefa. Mayúscula capital. Texto impreso en dos columnas con diversos tipos y tamaños de letra. Sumarios al inicio de cada capítulo, párrafos numerados. Signatura y reclamos. Pág. 5 – 8 desprendidas. Error de paginación en 146 [144]. Papel manchado | ||
| 505 | 1 | _aQué son las indulgencias ; El tesoro de los méritos de Cristo y de los santos ; Si la Iglesia puede conceder indulgencias a los fieles pecadores ; Si lo hace con potestad de orden o con potestad de jurisdicción ; Si el efecto de la indulgencia se extiende a la remisión de la culpa ; La indulgencia plenaria o total ; Cómo se cuentan los días y años de las indulgencias ; Si solamente los “homini viatores” pueden recibir las indulgencias ; Las indulgencias locales ; Las indulgencias generales ; Si es necesaria la fe para beneficiarse de las indulgencias ; Si el excomulgado es capaz de indulgencias ; Si para ganar las indulgencias es necesaria la confesión | |
| 506 | _aConsulta en sala | ||
| 546 | _aTexto en latín | ||
| 650 | 7 |
_aDisciplina eclesiástica _913326 _xObras anteriores a 1800 |
|
| 650 | 7 |
_aIndulgencias _xObras anteriores a 1800 _917369 |
|
| 650 | 7 |
_aTeología _xObras anteriores a 1800 _937836 |
|
| 690 |
_aTeología _925230 |
||
| 856 | 4 | 1 |
_zDisponble en línea _uhttp://books.google.com/books?id=P_REAAAAcAAJ&printsec=frontcover&dq=Tractatus+de+Indulgentiis&hl=es&ei=XD_NTbPTIYjk0QHTyfGgDg&sa=X&oi=book_result&ct=result&resnum=2&ved=0CC4Q6AEwAQ#v=onepage&q&f=false |
| 942 |
_cLIBRO _a4 _e3 _2LOCAL _hE07N083 |
||
| 999 |
_c72431 _d72431 |
||